|
|
|
|
| LEADER |
00000nam a2200000 a 4500 |
| 005 |
2011072801591.0 |
| 008 |
090521s2009 sp |||| |||| 000 0 spa c |
| 017 |
|
|
|a DL M. 16082-2009
|
| 020 |
|
|
|a 9788498494556
|
| 035 |
|
|
|a 4738
|
| 040 |
|
|
|d vLex
|
| 090 |
|
|
|c 2239
|d 2239
|
| 100 |
1 |
|
|a Garrido Martn̕, Eugenio
|
| 245 |
1 |
0 |
|a Autoeficacia y delincuencia /
|c Eugenio Garrido Martn̕, Jaume Masip Pallej,̉ Carmen Herrero Alonso
|h [Recurso electrn̤ico]
|
| 256 |
|
|
|a Servicio en ln̕ea.
|
| 260 |
|
|
|a Madrid :
|b Dykinson,
|c 2009
|
| 300 |
|
|
|a 220 p. :
|b tablas, grf̀icos ;
|c 24 cm
|
| 504 |
|
|
|a Bibliografa̕
|
| 506 |
1 |
|
|a Contenido solo disponible en los productos indicados
|d vLex Global
|d vLex Global (Academic Edition, excluding Law Schools)
|d vLex Global (U.S. Academic Edition, Law Schools)
|d vLex Global (U.S. Academic Edition, excluding Law Schools)
|d vLex Global (Academic Edition, Law Schools)
|
| 650 |
0 |
7 |
|a Polt̕ica criminal y criminologa̕
|2 Tesauro vLex
|
| 700 |
1 |
|
|a Masip, Jaume
|
| 700 |
1 |
|
|a Herrero Alonso, Carmen
|
| 740 |
0 |
|
|a vLex Libros (Servicio en ln̕ea)
|
| 830 |
|
0 |
|a Estudios de criminologa̕ y polt̕ica criminal ;
|v 15
|
| 856 |
4 |
0 |
|u http://vlex.com/source/autoeficacia-delincuencia-4738
|z Acceso restringido
|
| 942 |
|
|
|c BOOK
|